| 000 | 00549cam a2200157 4500 | ||
|---|---|---|---|
| 008 | 151120n 000 0 eng u | ||
| 020 | _a9789401792622 | ||
| 035 | _a(Sirsi) a194187 | ||
| 050 | _aTA 418.9 .N35 TRE 2014 | ||
| 245 |
_aTrends in Nanoscale mechanics : _bmechanics of carbon nanotubes, graphene, nanocomposites and molecular dynamics/ _cedited by Vasyl Harik |
||
| 260 |
_aWashington D.C.: _bSpringer, _c2014 |
||
| 300 |
_axiii, 226p.: _bill. |
||
| 650 | _aNanostructural materials | ||
| 650 | _aMicromachanics | ||
| 700 | _aHarik, Vasyl | ||
| 999 |
_c126311 _d126311 |
||